Atlas escolar : (Record no. 209005)
[ view plain ]
| 000 -CABECERA | |
|---|---|
| campo de control de longitud fija | 00746nam a2200217 a 4500 |
| 003 - IDENTIFICADOR DEL NÚMERO DE CONTROL | |
| campo de control | MX-MxUPN |
| 005 - FECHA Y HORA DE LA ÚLTIMA TRANSACCIÓN | |
| campo de control | 20240613121420.0 |
| 008 - ELEMENTOS DE LONGITUD FIJA--INFORMACIÓN GENERAL | |
| campo de control de longitud fija | 221104s1913 mx b||||r|||| 000 0 spa d |
| 040 ## - FUENTE DE LA CATALOGACIÓN | |
| Centro catalogador/agencia de origen | MX-MxUPN |
| Lengua de catalogación | spa |
| Centro/agencia transcriptor | MX-MxUPN |
| 041 0# - CÓDIGO DE IDIOMA | |
| Código de lengua del texto/banda sonora o título independiente | spa |
| 050 14 - SIGNATURA TOPOGRÁFICA DE LA BIBLIOTECA DEL CONGRESO | |
| Número de clasificación | G1545 |
| Número de documento/Ítem | N62 |
| 100 1# - ASIENTO PRINCIPAL--NOMBRE PERSONAL | |
| Nombre de persona | Noriega, Eduardo |
| 9 (RLIN) | 47177 |
| 245 10 - MENCIÓN DE TÍTULO | |
| Título | Atlas escolar : |
| Resto del título | geografía de la república mexicana |
| 260 ## - PUBLICACIÓN, DISTRIBUCIÓN, ETC. | |
| Lugar de publicación, distribución, etc. | México : |
| Nombre del editor, distribuidor, etc. | Librería de la Vda de C. Bouret, |
| Fecha de publicación, distribución, etc. | 1913. |
| 300 ## - DESCRIPCIÓN FÍSICA | |
| Extensión | 82 páginas : |
| Otras características físicas | mapas |
| 650 #4 - ASIENTO SECUNDARIO DE MATERIA - TERMINO TEMATICO | |
| Término de materia o nombre geográfico como elemento de entrada | Geografía |
| Subdivisión general | Estudio y enseñanza |
| 9 (RLIN) | 10181 |
| 700 1# - ASIENTO SECUNDARIO--NOMBRE DE PERSONAL | |
| Nombre de persona | Chávez, Ezequiel A., |
| Fechas asociadas al nombre | 1868-1946 |
| Término indicativo de función/relación | escritor de introducción |
| 9 (RLIN) | 28041 |
| 710 2# - ASIENTO SECUNDARIO - NOMBRE CORPORATIVO | |
| Nombre de entidad corporativa o nombre de jurisdicción como elemento de entrada | Museo Pedagógico Nacional (México) |
| 9 (RLIN) | 51335 |
| Término indicativo de función/relación | propietario anterior |
| 902 ## - ELEMENTOS DE DATOS B LOCAL, LDB (RLIN) | |
| Creó | Víctor Ruiz/041122 |
| 942 ## - ELEMENTOS DE PUNTO DE ACCESO ADICIONAL (KOHA) | |
| Fuente del sistema de clasificación o colocación | Library of Congress Classification |
| Tipo de ítem Koha | Libro |
| Estado de retiro | Estado de pérdida | Fuente del sistema de clasificación o colocación | Estado dañado | No para préstamo | Código de colección | Localización permanente | Ubicación/localización actual | Ubicación en estantería | Fecha de adquisición | Total de préstamos | Clasificación | Código de barras | Fecha visto por última vez | Precio válido a partir de | Tipo de ítem Koha | Número de copia | Nota pública |
|---|---|---|---|---|---|---|---|---|---|---|---|---|---|---|---|---|---|
| Library of Congress Classification | Disponible (Préstamo en sala) | Libros de texto | Bib. Gregorio Torres Quintero | Bib. Gregorio Torres Quintero | Colecciones especiales Planta alta | 04/11/2022 | G1545 N62 | 123587 | 04/11/2022 | 04/11/2022 | Libro | ||||||
| Library of Congress Classification | Disponible (Préstamo en sala) | Libros de texto | Bib. Gregorio Torres Quintero | Bib. Gregorio Torres Quintero | Colecciones especiales Planta alta | 04/11/2022 | G1545 N62 | 133759 | 04/11/2022 | 04/11/2022 | Libro | Ej. 2 | Ejemplar con sello de la Biblioteca del Museo Pedagógico Nacional |
